Κατάλογος Βιβλιοθηκών Mediterranean College

Business Today / Fifth Edition (Record no. 782)

MARC details
000 -LEADER
fixed length control field 02261cam a22002294a 4500
005 - ΗΜΕΡΟΜΗΝΙΑ ΚΑΙ ΩΡΑ ΤΕΛΕΥΤΑΙΑΣ ΕΝΗΜΕΡΩΣΗΣ
Πεδίο ελέγχου 20250605163945.0
008 - FIXED-LENGTH DATA ELEMENTS--GENERAL INFORMATION
Πεδίο ελέγχου σταθερού μήκους 250528s ||||||||||||||||||||||||d
035 ## - SYSTEM CONTROL NUMBER
System control number 15188
020 ## - ISBN
ISBN 394351142
040 ## - ΠΗΓΗ ΚΑΤΑΛΟΓΟΓΡΑΦΗΣΗΣ
Φορέας πρωτότυπης καταλογογράφησης MC Athens Campus Library
Γλώσσα καταλογογράφησης Ελληνικά, Μοντέρνα (1453-)
Modifying agency MC Athens Campus Library
Κανόνες περιγραφικής καταλογογράφησης AACR2
245 1# - ΤΙΤΛΟΣ ΚΑΙ ΔΗΛΩΣΗ ΥΠΕΥΘΥΝΟΤΗΤΑΣ
Τίτλος Business Today / Fifth Edition
250 ## - EDITION STATEMENT
Edition statement 5th
260 ## - PUBLICATION, DISTRIBUTION, ETC.
Name of publisher, distributor, etc. Random House - Business Division,
Date of publication, distribution, etc. 1987
300 ## - PHYSICAL DESCRIPTION
Extent 650
505 0# - FORMATTED CONTENTS NOTE
Formatted contents note Preface, Focus on Business Today, Forms of Business Enterprise, Small Businesses and Francises, Ethical and Social Responsibilities of Business, Operating a Business, Organizing for Business, The Fundamentals of Management, The Production of Goods and Services, Managing Human Resources, Human Relations, Human Resource Management, Union-Management Relations, Marketing, Marketing and Consumer Behavior, Product and Pricing Decisions, Promotion, Distribution, Tools of Business, Computers and Information Technology, ccounting, Finance, Money and Banking, Financial Management, Securities Markets, The Environment of Business, International Business, Government Relations and Business Law, Risk Management and Insurance, Appendices, Careers in Business, Research and Statistical Analysis and Reports, References, Glossary, Mane and Company and Subject Index.
520 ## - SUMMARY, ETC.
Summary, etc. Preface, Focus on Business Today, Forms of Business Enterprise, Small Businesses and Francises, Ethical and Social Responsibilities of Business, Operating a Business, Organizing for Business, The Fundamentals of Management, The Production of Goods and Services, Managing Human Resources, Human Relations, Human Resource Management, Union-Management Relations, Marketing, Marketing and Consumer Behavior, Product and Pricing Decisions, Promotion, Distribution, Tools of Business, Computers and Information Technology, ccounting, Finance, Money and Banking, Financial Management, Securities Markets, The Environment of Business, International Business, Government Relations and Business Law, Risk Management and Insurance, Appendices, Careers in Business, Research and Statistical Analysis and Reports, References, Glossary, Mane and Company and Subject Index.
700 1# - ΠΡΟΣΘΕΤΗ ΑΝΑΓΡΑΦΗ--ΦΥΣΙΚΟ ΠΡΟΣΩΠΟ
Personal name Mescon Michael H
9 (RLIN) 1064
700 1# - ΠΡΟΣΘΕΤΗ ΑΝΑΓΡΑΦΗ--ΦΥΣΙΚΟ ΠΡΟΣΩΠΟ
Personal name Rachman David J
9 (RLIN) 1065
942 ## - ADDED ENTRY ELEMENTS (KOHA)
Koha item type Books
Holdings
Τύπος τεκμηρίου Βιβλιοθήκη Τρέχουσα τοποθεσία Barcode Αριθμός εισαγωγής Ημερομηνία απόκτησης Ταξιθετικό σύμβολο Αριθμός αντιτύπου Κατάσταση απόσυρσης Κατάσταση χαμένου Κατάσταση κατεστραμμένου Μη δανεισμός Σύνολο δανεισμών Ημερομηνία τελευταίας εμφάνισης Η τιμή ισχύει από
Books MC Athens Campus Library MC Athens Campus Library 9780000007810 1423 05/06/2025 658 RAC 1           05/06/2025 05/06/2025

MC Athens Campus Library
Πατησίων 94 & Κοδριγκτώνος 13, 104 34
Πελλήνης 8 & Πατησίων 107, 112 51
Τ: +30 210 8899600

MC Thessaloniki Campus Library
Ίωνος Δραγούμη 21, 54625 | Ίωνος Δραγούμη 15, 54625
Τ: +30 2310 287779 – Τ: +30 2314 440300